[Event "Canadian op"]
[Site "Windsor"]
[Date "2016.07.14"]
[Round "5"]
[White "Karlow, Nick W"]
[Black "Li, Ben"]
[Result "0-1"]
[WhiteElo "2104"]
[BlackElo "2324"]
[PlyCount "72"]
[EventDate "2016.07.10"]
[EventType "swiss"]
[EventRounds "9"]
[EventCountry "CAN"]
[SourceTitle "EXT 2017"]
[Source "ChessBase"]
[SourceDate "2016.10.25"]
[SourceVersion "1"]
[SourceVersionDate "2016.10.25"]
[SourceQuality "1"]

1. Nf3 d5 2. b3 Bg4 3. Bb2 Nd7 4. g3 e6 5. Bg2 Ngf6 6. 0-0 Bd6 7. d3 0-0 8. Nbd2 c6 9. e4 e5 10. h3 Bh5 11. Qe1 Re8 12. Nh4 a5 13. f4 dxe4 14. dxe4 exf4 15. gxf4 Bg6 16. Nxg6 hxg6 17. Rd1 Qb8 18. Qf2 Bc5 19. Bd4 Qa7 20. Bxc5 Nxc5 21. e5 Nd5 22. Bxd5 cxd5 23. Nf3 Rad8 24. Kg2 b6 25. Qh4 Ne4 26. c4 Qa8 27. Rfe1 a4 28. Rxd5 Rxd5 29. Rxe4 Rd1 30. Ng5 axb3 31. e6 Qxa2+ 32. Kf3 Rd3+ 33. Re3 Rxe3+ 34. Kxe3 Qb2 35. Kf3 Qc3+ 36. Kg4 f5# 0-1

[Event "USA tt"]
[Site "ICC INT"]
[Date "2015.09.02"]
[Round "2"]
[White "Liu, Elliott"]
[Black "Karlow, Nick W"]
[Result "1-0"]
[WhiteElo "2265"]
[BlackElo "2105"]
[PlyCount "61"]
[EventDate "2015.08.25"]
[EventType "team-swiss"]
[EventRounds "10"]
[EventCountry "USA"]
[SourceTitle "EXT 2016"]
[Source "ChessBase"]
[SourceDate "2015.10.08"]
[SourceVersion "1"]
[SourceVersionDate "2015.10.08"]
[SourceQuality "1"]
[WhiteTeam "Las Vegas"]
[BlackTeam "St Louis"]
[WhiteTeamCountry "USA"]
[BlackTeamCountry "USA"]

1. Nf3 Nf6 2. c4 g6 3. Nc3 Bg7 4. e4 0-0 5. d4 d6 6. Be2 e5 7. 0-0 Nc6 8. d5 Ne7 9. Ne1 Nd7 10. Bd2 f5 11. Nd3 Nf6 12. f3 f4 13. c5 g5 14. Rc1 Ng6 15. Nb5 Rf7 16. Ba5 b6 17. cxd6 cxd6 18. Bb4 Bf8 19. Rc6 g4 20. Nxd6 Bxd6 21. Bxd6 g3 22. Nxe5 Nxe5 23. Bxe5 gxh2+ 24. Kxh2 Nh5 25. Bc4 Bd7 26. Bc3 b5 27. Bxb5 Ng3 28. Qd4 Qh4+ 29. Kg1 Qh1+ 30. Kf2 Nxe4+ 31. fxe4 1-0

[Event "Pan American Intercollegiate-chT"]
[Site "Princeton"]
[Date "2012.12.28"]
[Round "2"]
[White "Karlow, Nick W"]
[Black "Meier, Georg"]
[Result "0-1"]
[WhiteElo "2060"]
[BlackElo "2645"]
[PlyCount "162"]
[EventDate "2012.12.27"]
[EventType "team-swiss"]
[EventRounds "6"]
[EventCountry "USA"]
[SourceTitle "CBM 152 Extra"]
[Source "ChessBase"]
[SourceDate "2013.02.25"]
[SourceVersion "1"]
[SourceVersionDate "2013.02.25"]
[SourceQuality "1"]
[WhiteTeam "Washington"]
[BlackTeam "Webster"]
[WhiteTeamCountry "USA"]
[BlackTeamCountry "USA"]

1. Nf3 d5 2. d4 Nf6 3. c4 e6 4. g3 c6 5. Qc2 Be7 6. Bg2 0-0 7. 0-0 b6 8. Rd1 a5 9. Nc3 Ba6 10. Ne5 Nfd7 11. cxd5 cxd5 12. e4 Nxe5 13. exd5 Nc4 14. d6 Ra7 15. dxe7 Qxe7 16. Bf4 Rc8 17. Bxb8 Rxb8 18. d5 e5 19. Rac1 Nd6 20. Ne4 Rd7 21. Nxd6 Rxd6 22. Qc7 Qxc7 23. Rxc7 Kf8 24. Ra7 Bb5 25. Rc1 Rbd8 26. Rcc7 R8d7 27. Rc8+ Ke7 28. Raa8 Rd8 29. Ra7+ R8d7 30. Raa8 g6 31. h4 Rd8 32. Ra7+ R6d7 33. d6+ Ke6 34. Rxd8 Rxa7 35. Rb8 Kxd6 36. Rxb6+ Kc5 37. Rb8 f5 38. a3 a4 39. Bf1 Bc6 40. b4+ axb3 41. Rxb3 e4 42. Rc3+ Kd6 43. Bc4 h6 44. Bg8 g5 45. hxg5 hxg5 46. Kf1 f4 47. gxf4 gxf4 48. Ke2 Bb5+ 49. Kd2 Rd7 50. Rh3 Ke5+ 51. Kc3 Rc7+ 52. Kb4 Be2 53. Rh6 Rd7 54. Kc5 Rc7+ 55. Kb4 e3 56. fxe3 f3 57. Re6+ Kf5 58. Re8 Kg4 59. Bd5 f2 60. Rg8+ Kh4 61. Rh8+ Bh5 62. Rf8 Bf7 63. Bg2 Kg3 64. Bf1 Bd5 65. Rf5 Be4 66. Rf8 Rc1 67. Be2 Re1 68. Rg8+ Kh2 69. Rh8+ Kg1 70. Rg8+ Bg2 71. Bf3 f1Q 72. Rxg2+ Qxg2 73. Bxg2 Kxg2 74. a4 Kf3 75. a5 Ke4 76. Kc5 Ra1 77. Kb6 Kd5 78. a6 Kd6 79. e4 Rb1+ 80. Ka7 Kc7 81. Ka8 Rb6 0-1

[Event "Canadian op"]
[Site "Toronto"]
[Date "2010.07.15"]
[Round "6"]
[White "Karlow, Nick W"]
[Black "Betaneli, Aleksandr"]
[Result "0-1"]
[WhiteElo "2012"]
[BlackElo "2271"]
[PlyCount "56"]
[EventDate "2010.07.10"]
[EventType "swiss"]
[EventRounds "9"]
[EventCountry "CAN"]
[SourceTitle "CBM 137 Extra"]
[Source "ChessBase"]
[SourceDate "2010.09.01"]
[SourceVersion "1"]
[SourceVersionDate "2010.09.01"]
[SourceQuality "1"]

1. Nf3 d5 2. g3 c6 3. Bg2 Bg4 4. c4 e6 5. 0-0 Nd7 6. Qb3 Qb6 7. d4 Ngf6 8. Nc3 Be7 9. Bf4 0-0 10. Rfe1 Bf5 11. Rac1 Ne4 12. Ne5 Nxe5 13. Bxe5 Qxb3 14. axb3 Nd2 15. cxd5 exd5 16. e4 dxe4 17. Nxe4 Nxb3 18. Rcd1 Be6 19. Nc3 Bb4 20. Re3 Bg4 21. Rf1 Nd2 22. Ra1 f6 23. Rd3 Nb3 24. Ra4 Nc1 25. Re3 Bxc3 26. bxc3 fxe5 27. dxe5 Be6 28. c4 Rad8 0-1

[Event "Canadian op"]
[Site "Toronto"]
[Date "2010.07.12"]
[Round "3"]
[White "Cheng, Bindi"]
[Black "Karlow, Nick W"]
[Result "1-0"]
[WhiteElo "2354"]
[BlackElo "2012"]
[PlyCount "51"]
[EventDate "2010.07.10"]
[EventType "swiss"]
[EventRounds "9"]
[EventCountry "CAN"]
[SourceTitle "CBM 137 Extra"]
[Source "ChessBase"]
[SourceDate "2010.09.01"]
[SourceVersion "1"]
[SourceVersionDate "2010.09.01"]
[SourceQuality "1"]

1. e4 c5 2. Nc3 Nc6 3. g3 g6 4. Bg2 Bg7 5. d3 Nf6 6. h3 0-0 7. f4 e5 8. Nge2 d6 9. 0-0 exf4 10. Nxf4 Nd4 11. g4 Re8 12. Be3 Ne6 13. Qd2 Bd7 14. Rf2 Nxf4 15. Bxf4 Bxg4 16. Bg5 h6 17. Bxh6 Bxh6 18. Qxh6 Be6 19. e5 dxe5 20. Raf1 Nd5 21. Bxd5 Bxd5 22. Ne4 f5 23. Qxg6+ Kf8 24. Rxf5+ Ke7 25. Rf7+ Bxf7 26. Rxf7# 1-0